000 00418nam a22001697a 4500
999 _c11686
_d11686
008 201105b 1995 ||||| |||| 00| 0 eng d
082 _a510.2462
_bGRE
100 _aGrewal, B. S.
245 _aHigher engineering mathematics
250 _a32nd
260 _aDelhi
_bKhanna Publishers
_c1995
300 _a1224p.
650 _aMatrices
650 _aFourier Series
650 _aTensor Analysis
942 _cBK